|
|
|
|
| LEADER |
00000nab a2200000 a 4500 |
| 001 |
vtls000922629 |
| 003 |
SK-MaSNL |
| 005 |
20260303181932.0 |
| 008 |
040720e19980608xo 0 slo |
| 035 |
|
|
|a KE31506
|
| 040 |
|
|
|a KEVKJB
|b slo
|c KEVKJB
|e AACR2
|
| 041 |
0 |
|
|a slo
|
| 044 |
|
|
|a xo
|c SK
|
| 080 |
|
|
|a 943.76(=924)
|2 1981
|
| 100 |
1 |
|
|a Mojžišová, Kristína,
|d 1964-
|4 aut
|9 221432
|
| 245 |
1 |
0 |
|a Košickí Židia si včera pripomenuli 54. výročie deportácií
|
| 650 |
0 |
7 |
|a Židia
|2 KEVKJB
|9 3760
|
| 650 |
0 |
7 |
|a deportácie Židov
|2 KEVKJB
|9 4182
|
| 650 |
0 |
7 |
|a výročie 54.
|2 KEVKJB
|9 1027019
|
| 650 |
0 |
7 |
|a spomienky
|2 KEVKJB
|9 55795
|
| 651 |
|
7 |
|a Košice (Slovensko)
|2 KEVKJB
|9 18694
|
| 651 |
|
7 |
|a KE,
|2 KEVKJB
|9 877256
|
| 655 |
|
7 |
|a periodikum
|2 snkbucl
|9 29553
|
| 773 |
0 |
8 |
|t Sme
|g Roč. 6, č.130, 8.6.1998, s. 3
|
| 852 |
|
|
|a ZVYKNI
|b KIS3GCP
|
| 999 |
|
|
|c 2114592
|d 2116522
|